00937cam a2200265 a 450000100100000000500170001000800410002702000150006804000300008308200190011310000730013224500440020526000450024930000210029449000180031565000260033365000300035965000240038971000510041383000270046491000340049104900090052595201220053499900150065600000680520200929154010.0830718s1982 mx 001 f spa  a9684342381 aDO-SdBNPbspacDLCdBNPHU aMe863.3bP695c1 aPizarro, Nicolás,d1830-1895.q(Nicolás Pizarro Suárez)91891213aLa coqueta (1861) /cNicolás Pizarro. aMéxico, D.F. :bPremia Editora,c1982. a200 p. ;a21 cm.1 aLa Matracav9 4aNovela mexicana93959 4aLiteratura mexicana91922 4aAmorxNovela9189132 aPublicaciones y bibliotecas Cultura SEP918914 0aLa Matraca ;v9917675 aCatalogación por copia / LC aBNGR 001052708MOaGRbGRcCTd2009-09-02iLF1l0oMe863.3 P695cp6805-10r2020-06-25w2020-06-25y2ZPréstamo interno c6593d6593